El nuevo proceso penal chileno
Wedi'i Gadw mewn:
| Prif Awdur: | |
|---|---|
| Fformat: | Llyfr |
| Iaith: | Sbaeneg |
| Cyhoeddwyd: |
Concepción
Universidad de Concepción
2000
|
| Rhifyn: | 1a. ed |
| Pynciau: | |
| Tagiau: |
Ychwanegu Tag
Dim Tagiau, Byddwch y cyntaf i dagio'r cofnod hwn!
|
MARC
| LEADER | 00000cam a2200000 a 4500 | ||
|---|---|---|---|
| 001 | UCC4283 | ||
| 003 | CL-VaPUC | ||
| 008 | 180727e20000000cl |||||||||||||||||spa|d | ||
| 082 | 0 | 4 | |a 345.8305 |b ALV |2 21 |
| 100 | 0 | |a Alvear V. María Soledad |e author |9 598447 | |
| 245 | 1 | 3 | |a El nuevo proceso penal chileno |
| 250 | |a 1a. ed | ||
| 300 | |a 344 p | ||
| 942 | |c BK | ||
| 945 | |d 20180727 12:54:00 |a dcastane | ||
| 260 | |a Concepción |b Universidad de Concepción |c 2000 | ||
| 650 | 0 | |a Derecho procesal penal |9 256392 | |
| 650 | 0 | |a Procedimiento penal |9 254974 | |
| 650 | 0 | |a Filosofía del derecho |9 255050 | |
| 583 | |a last modification |c 20180727 12:54:00 |k Rodrigo Vera | ||
| 999 | |c 371836 |d 371834 | ||
| 952 | |0 0 |1 0 |3 erb |4 0 |6 345_830500000000000_ALV_2000 |7 0 |8 A |9 489033 |a BIBDER |b BIBDER |e Mateluna Arestizabal, Alfredo Sergio |i 5483379 |l 1 |o 345.8305 ALV 2000 |p 5483379 |r 2023-04-18 |s 2023-04-18 |w 2019-11-24 |y BK |z Catalogado en:20180727 |k DER | ||